| 000 | 01104nam0a2200325 4500 | ||
|---|---|---|---|
| 001 | RU\NLR\BIBL_A\022112064 | ||
| 005 | 20240201164325.0 | ||
| 010 |
_a978-5-04-161197-2 _92000 |
||
| 021 |
_aRU _bКН-П-23-077980 _9КН-П-23-7881 |
||
| 035 | _a(NLR Aleph) 022112064 | ||
| 035 | _a(RuMoRGB)012432849 | ||
| 090 |
_a12780661 _c12780661 |
||
| 100 | _a20240119d2024 u y0rusy50 ca | ||
| 101 | 1 |
_arus _cfre |
|
| 102 | _aRU | ||
| 105 | _ay z 000ay | ||
| 181 | 0 |
_ai _baxxe |
|
| 182 | 0 | _an | |
| 200 | 1 |
_aПланета кошек _fБернар Вербер _gперевод с французского Аркадия Кабалкина |
|
| 203 |
_aТекст _bвизуальный _cнепосредственный |
||
| 210 |
_aМосква _cЭксмо _d2024 (печ. 2023) |
||
| 215 |
_a381, [1] с. _d20 |
||
| 333 | _a16+ | ||
| 675 |
_a821.133.1-31 _v4 |
||
| 686 | 1 | _aШ6(4Фр)67-440.4{Лх1649-50} | |
| 700 | 1 |
_aВербер _bБ. _f1961- _gБернар _3RU\NLR\AUTH\770178439 |
|
| 942 | _cBOOK | ||
| 980 | _aNB | ||